000 00610nam a22002177a 4500
003 UA-OsUOA
001 71634
007 ta
008 20101123b un ||||| |||| 00| 0 ukr d
100 _aКудряченко А.
090 _a32
_bК88
942 _cSA
040 _aUA-OsUOA
_bukr
_cUA-OsUOA
_dUA-OsUOA
245 _aКультурно-цивілізаційний простір Європи і Україна: спільне й особливе
300 _aС.2-5
955 _a0
041 _aukr
080 _a32
773 0 _w71633
_tВіче
_dК.
_d2010
_g20
650 7 _a32 Політика
_2UDC
999 _c357931
_d357931